00722nam a2200217 a 45000010005000000030009000050080041000140200015000550400028000700820015000981000038001132450036001512600062001873000009002494900018002586500016002766500033002929420012003259990017003379520150003544621CO-ViMGA141112s2004 ck r 000 u spa d a9505501765 aCO-ViMGAbspacCO-ViMGA04a371.3 S1531 aSánchez Iniesta, Tomás95556410aQue son los centros de interes? aBuenos Aires : bMagisterio del Río de la Plata, c1995 a46 p aMagisterio, 114aENSEÑANZA14aMETODOS DE ENSEÑANZA94048 2ddccBK c16631d16631 01102ddc44708003aMEVIECARbMEVIECARd2015-12-04hVolumen. 1 | 11/jun/2009l0o371.3 S153 p06500r2015-12-04 00:00:00tEj. 1w2015-12-04yBK